000 01267cam a2200361 i 4500
001 32854
003 KOSZ 005
005 20220909141613.0
008 980713s1997 pl f f |000 0 pol d
015 _aPB 1997/13234
020 _a838670280X
040 _aWA N
_cWA N
_dKOSZ 005/HR
080 _a336.14:352(438)
080 _a347.73:336.14(438)
080 _a(075.8)
100 1 _aBorodo, Andrzej
_d(1949-2020)
_eAutor
245 1 0 _aSamorząd terytorialny :
_bsystem prawno-finansowy /
_cAndrzej Borodo.
260 _aWarszawa :
_bWydawnictwa Prawnicze PWN,
_c1997.
300 _a247, [5] s. ;
_c24 cm.
336 _2rdacontent
_aTekst
_btxt
337 _2rdamedia
_aBez urządzenia pośredniczącego
_bn
338 _2rdacarrier
_aWolumin
_bnc
650 4 _aBudżety terenowe
650 4 _aPrawo finansowe
650 4 _aSamorząd terytorialny
655 4 _aPodręczniki akademickie
658 _aGospodarka, ekonomia, finanse
658 _aPolityka, politologia, administracja publiczna
658 _aPrawo i wymiar sprawiedliwości
710 2 _aLexisNexis Polska
_4pbl
856 _uhttp://koha.tu.koszalin.pl/cgi-bin/koha/opac-detail.pl?biblionumber=32864
_yKatalog online BPK
942 _2UKD
_cKS
999 _c32864
_d32864